[Event "MVP-ch Seniors op 18th"]
[Site "Ostseebad Binz"]
[Date "2018.12.06"]
[Round "9"]
[White "Rollwitz, Inge"]
[Black "Walther, Renate"]
[Result "0-1"]
[WhiteElo "1385"]
[BlackElo "1113"]
[PlyCount "122"]
[EventDate "2018.11.28"]
[EventType "swiss"]
[EventRounds "9"]
[EventCountry "GER"]
[SourceTitle "CBM 188 Extra"]
[Source "ChessBase"]
[SourceDate "2019.02.26"]
[SourceVersion "1"]
[SourceVersionDate "2019.02.26"]
[SourceQuality "1"]

1. d4 c5 2. e3 Nf6 3. Nf3 e6 4. c3 Be7 5. Bd3 d6 6. 0-0 Nc6 7. Nbd2 e5 8. Re1 0-0 9. Qc2 Bg4 10. h3 Bxf3 11. Nxf3 e4 12. Bxe4 Nxe4 13. Qxe4 Qd7 14. Qd3 Rad8 15. e4 Bf6 16. Be3 b6 17. d5 Ne5 18. Nxe5 Bxe5 19. f4 Bf6 20. Rad1 a6 21. Qc2 b5 22. b3 Qb7 23. c4 b4 24. Bf2 Rfe8 25. Bg3 Re7 26. Re2 Rde8 27. Kh1 h6 28. Qd3 g6 29. Rf1 Qd7 30. Qf3 Kh7 31. Rfe1 Bc3 32. Rf1 Bf6 33. f5 g5 34. Qg4 Rg8 35. h4 gxh4 36. Qh3 hxg3 37. Rf3 Be5 38. Ree3 f6 39. Qh4 Rg5 40. Kg1 Bd4 41. Qf4 Bxe3+ 42. Qxe3 Reg7 43. Kf1 Qe7 44. Ke2 Rg4 45. Rf4 Qe5 46. Kf3 Rxf4+ 47. Qxf4 Qxf4+ 48. Kxf4 Re7 49. Kf3 h5 50. Kf4 Kh6 51. Kf3 h4 52. Kf4 Kh5 53. Kf3 h3 54. gxh3 Kh4 55. Kg2 Rxe4 56. Kf3 Rd4 57. Kg2 Rd2+ 58. Kg1 Rxa2 59. Kh1 a5 60. Kg1 a4 61. bxa4 b3 0-1

[Event "MVP-ch Seniors op 18th"]
[Site "Ostseebad Binz"]
[Date "2018.11.30"]
[Round "3"]
[White "Rollwitz, Inge"]
[Black "Baumast, Bernd"]
[Result "0-1"]
[WhiteElo "1385"]
[BlackElo "1531"]
[PlyCount "118"]
[EventDate "2018.11.28"]
[EventType "swiss"]
[EventRounds "9"]
[EventCountry "GER"]
[SourceTitle "CBM 188 Extra"]
[Source "ChessBase"]
[SourceDate "2019.02.26"]
[SourceVersion "1"]
[SourceVersionDate "2019.02.26"]
[SourceQuality "1"]

1. d4 c6 2. Nf3 d5 3. e3 Bf5 4. Be2 Nf6 5. Nbd2 Nbd7 6. 0-0 e6 7. c3 Bd6 8. Re1 0-0 9. Nf1 Qb6 10. Nh4 Bg6 11. Nxg6 hxg6 12. Bd3 a5 13. a3 Qc7 14. Qc2 Ng4 15. g3 c5 16. e4 dxe4 17. Rxe4 Ngf6 18. Rh4 cxd4 19. Rxd4 Ne5 20. Be2 b5 21. Bd2 b4 22. h3 Nd5 23. Nh2 Nxc3 24. bxc3 Rfc8 25. a4 bxc3 26. Bxc3 Bb4 27. Qb3 Qxc3 28. Qd1 Qc2 29. Rb1 Qxd1+ 30. Rdxd1 Rc2 31. Bb5 Rac8 32. Kg2 Kf8 33. Ng4 Nxg4 34. hxg4 R2c7 35. Rf1 f5 36. gxf5 gxf5 37. Rbd1 Kf7 38. Rd7+ Rxd7 39. Bxd7 Rc7 40. Rd1 Ke7 41. Bb5 Kf6 42. Rd7 Rc2 43. Rd1 Bc5 44. Rf1 e5 45. Bd3 Ra2 46. Bb5 e4 47. Kh3 Rxf2 48. Rxf2 Bxf2 49. Kg2 Bd4 50. Bc4 g5 51. Kf1 Ke5 52. Ke2 f4 53. g4 f3+ 54. Kf1 Kf4 55. Be6 e3 56. Bc4 Kxg4 57. Be6+ Kf4 58. Bh3 e2+ 59. Ke1 Bc3+ 0-1

[Event "MVP-ch Seniors op 17th"]
[Site "Binz"]
[Date "2017.12.01"]
[Round "3.86"]
[White "Rollwitz, Inge"]
[Black "Mueller, Dieter5555"]
[Result "0-1"]
[WhiteElo "1367"]
[BlackElo "1645"]
[PlyCount "86"]
[EventDate "2017.11.29"]
[EventType "swiss"]
[EventRounds "9"]
[EventCountry "GER"]
[SourceTitle "EXT 2019"]
[Source "ChessBase"]
[SourceDate "2018.10.10"]
[SourceVersion "1"]
[SourceVersionDate "2018.10.10"]
[SourceQuality "1"]

1. e4 d6 2. Nf3 g6 3. d4 Bg7 4. c3 Nf6 5. Nbd2 b6 6. Qc2 Bb7 7. Bd3 0-0 8. 0-0 Nbd7 9. Re1 e5 10. d5 Nc5 11. Bf1 a5 12. b3 Qd7 13. c4 Nh5 14. g3 Bc8 15. Bg2 f5 16. Ng5 f4 17. Bh3 Qe7 18. Ndf3 Bxh3 19. Nxh3 fxg3 20. Nhg5 gxf2+ 21. Qxf2 h6 22. Qg2 Nd3 23. Rf1 Nhf4 24. Bxf4 Nxf4 25. Qg4 hxg5 26. Nxg5 Qxg5 27. Qg3 Qxg3+ 28. hxg3 Ne2+ 29. Kg2 Rxf1 30. Rxf1 Rf8 31. a3 Rxf1 32. Kxf1 Nxg3+ 33. Kf2 Nxe4+ 34. Ke3 Nf6 35. b4 axb4 36. axb4 Bh6+ 37. Kd3 g5 38. Ke2 g4 39. Kf2 Bf4 40. Kg2 Kg7 41. Kf2 Kg6 42. Kg1 Kh5 43. Kg2 Kh4 0-1

[Event "Berlin-ch Seniors op 33rd"]
[Site "Berlin"]
[Date "2017.02.04"]
[Round "5"]
[White "Rollwitz, Inge"]
[Black "Schiemann, Dieter"]
[Result "0-1"]
[WhiteElo "1389"]
[BlackElo "1496"]
[PlyCount "54"]
[EventDate "2017.01.31"]
[EventType "swiss"]
[EventRounds "9"]
[EventCountry "GER"]
[SourceTitle "EXT 2019"]
[Source "ChessBase"]
[SourceDate "2018.10.10"]
[SourceVersion "1"]
[SourceVersionDate "2018.10.10"]
[SourceQuality "1"]

1. e4 e5 2. Nf3 Nf6 3. d3 Nc6 4. c3 a6 5. Be2 Bc5 6. 0-0 h6 7. b4 Ba7 8. Bb2 d5 9. Qc2 b5 10. Nbd2 Bg4 11. Rad1 Bh5 12. exd5 Nxd5 13. Ne4 Bg6 14. Rfe1 Qe7 15. Bf1 0-0 16. a3 f5 17. Ng3 Qf6 18. d4 e4 19. Nd2 Rae8 20. c4 Nxd4 21. Qb1 e3 22. cxd5 exf2+ 23. Kxf2 Rxe1 24. Rxe1 f4 25. Nge4 Qh4+ 26. g3 fxg3+ 27. Kg2 Qxh2# 0-1

[Event "Berlin-ch Seniors op 32nd"]
[Site "Berlin"]
[Date "2016.01.29"]
[Round "4"]
[White "Rollwitz, Inge"]
[Black "Klevenow, Ursula"]
[Result "1/2-1/2"]
[WhiteElo "1472"]
[BlackElo "1632"]
[PlyCount "46"]
[EventDate "2016.01.26"]
[EventType "swiss"]
[EventRounds "9"]
[EventCountry "GER"]
[SourceTitle "EXT 2019"]
[Source "ChessBase"]
[SourceDate "2018.10.10"]
[SourceVersion "1"]
[SourceVersionDate "2018.10.10"]
[SourceQuality "1"]

1. e4 e6 2. Nf3 d5 3. exd5 exd5 4. d3 Nf6 5. Nbd2 Bd6 6. Be2 0-0 7. 0-0 Bg4 8. h3 Bh5 9. Nh2 Bxe2 10. Qxe2 Re8 11. Qd1 Nbd7 12. Ndf3 c5 13. c3 Qc7 14. b3 d4 15. c4 Re7 16. Bd2 Rae8 17. Re1 Rxe1+ 18. Bxe1 Qb8 19. Bd2 Re7 20. Qf1 Qe8 21. Re1 Rxe1 22. Qxe1 Qxe1+ 23. Nxe1 Kf8 1/2-1/2

[Event "MVP-ch Seniors op 14th"]
[Site "Binz"]
[Date "2014.12.02"]
[Round "8"]
[White "Rollwitz, Inge"]
[Black "Staudinger, Karl"]
[Result "1/2-1/2"]
[WhiteElo "1264"]
[BlackElo "1024"]
[PlyCount "100"]
[EventDate "2014.11.25"]
[EventType "swiss"]
[EventRounds "9"]
[EventCountry "GER"]
[SourceTitle "EXT 2016"]
[Source "ChessBase"]
[SourceDate "2015.10.08"]
[SourceVersion "1"]
[SourceVersionDate "2015.10.08"]
[SourceQuality "1"]

1. d4 d5 2. Nf3 b6 3. g3 Nf6 4. Bg2 h6 5. c4 e6 6. Nc3 Bb4 7. Qa4+ Bd7 8. Qxb4 Nc6 9. Qa3 dxc4 10. e3 Rb8 11. Nd2 Na5 12. b4 cxb3 13. axb3 Ng4 14. 0-0 c6 15. b4 Nb7 16. h3 Nf6 17. Qb3 a5 18. Bb2 0-0 19. Ba3 Re8 20. Nc4 Qc8 21. bxa5 Nxa5 22. Nxa5 bxa5 23. Qa2 e5 24. Bd6 Ra8 25. dxe5 Nd5 26. Nxd5 Be6 27. e4 cxd5 28. exd5 Bxh3 29. Rfc1 Qf5 30. Qe2 Bg4 31. f3 Bh5 32. g4 Qg6 33. gxh5 Qxd6 34. f4 Qb6+ 35. Qf2 Qa6 36. d6 Rad8 37. Rc6 Qd3 38. Rxa5 f6 39. Qa2+ Kh8 40. Qf7 Qe3+ 41. Kh2 Qxf4+ 42. Kg1 Rf8 43. Qg6 fxe5 44. Rc7 Rg8 45. Rf7 Qd4+ 46. Rf2 Rxd6 47. Qf5 Rf6 48. Qc2 Rgf8 49. Ra8 Qxf2+ 50. Qxf2 Rxf2 1/2-1/2